| 000 | 00687cab a2200229 4500 | ||
|---|---|---|---|
| 001 | ABS54390 | ||
| 008 | 090401t xxu||||| |||| 00| 0 eng d | ||
| 035 | _a(Sirsi) u10080 | ||
| 041 | _aeng | ||
| 100 | _aMurphy, P.S. | ||
| 245 | _aStrata titled hotels | ||
| 350 | _a0 | ||
| 490 |
_aValuer and Land Economist _v33(9) 648-686(24) |
||
| 520 | _aA series of articles on strata titled hotels in Australia looking at their construction, management, financing and legal structures. | ||
| 650 | _aAUSTRALIA | ||
| 650 | _aHOTELS | ||
| 650 | _aSTRATA TITLED HOTELS | ||
| 690 | _aPROPERTY-COMMERCIAL PROPERTY | ||
| 690 | _aOVERSEAS-REST OF THE WORLD | ||
| 942 | _n0 | ||
| 948 | _c04/03/1997 | ||
| 999 |
_c6335 _d6335 |
||